000 00330nam a22001337a 4500
008 170725b xxu||||| |||| 00| 0 eng d
020 _a9780321335487
041 _aeng
080 _a004
100 _a29
101 _aSHKI
245 _aADVANCED COLOR CORRECTION AND EFFECTS IN FINAL CUT PRO 5
_cHURKMANN, A.V
942 _2udc
_cBK
999 _c21832
_d21832